Newton methods for nonlinear problems : affine invariance and adaptive algorithms

Αποθηκεύτηκε σε:
Λεπτομέρειες βιβλιογραφικής εγγραφής
Κύριος συγγραφέας: Deuflhard, P. (Peter)
Μορφή: Βιβλίο
Γλώσσα:English
Δημοσίευση: Berlin ; New York : Springer, c2004 (2011 printing)
Σειρά:Springer series in computational mathematics ; ; 35
Θέματα:
Ετικέτες: Προσθήκη ετικέτας
Δεν υπάρχουν, Καταχωρήστε ετικέτα πρώτοι!

MARC

LEADER 00000nam a2200000 i 4500
001 1/65536
008 150202r20112004 eng d
020 |a 978-3-642-23898-7 
035 |l 10120811 
040 |a GR-MY-UA  |b gre  |e aacr 
041 0 |a eng 
082 0 |a 518  |2 (23) 
100 1 |a Deuflhard, P.  |q (Peter) 
245 1 0 |a Newton methods for nonlinear problems :  |b affine invariance and adaptive algorithms /  |c Peter Deuflhard 
260 |a Berlin ; New York :   |b Springer,   |c c2004 (2011 printing) 
300 |a xii, 424 σ.;  |b σχέδια, πιν.;  |c 24 εκ. 
490 1 |a Springer series in computational mathematics  |v ; 35 
504 |a Βιβλιογραφία: σ.405-415. Ευρετήριο 
650 0 0 |a Numerical analysis. 
650 0 0 |a Algebras, Linear. 
650 0 0 |a Equations, Theory of. 
830 0 |a Springer series in computational mathematics ;  |v ; 35 
852 |a INST  |b SAMOS  |e 20150202  |h 518 DEU  |p 005300041517  |q 005300041517  |t BK  |y 0 
901 |a BIBL3-2015-1 
909 |a Σ  |b 189867 
922 |a 3ΕΛΗ  |b 201406  |c ΤΜΗΜΑ ΜΑΘΗΜΑΤΙΚΩΝ  |d ΔΙΑΔΡΟΜΕΣ 
970 |a ΚΟΣΙΕΡΗΣ  |b ΧΡΗΣΤΟΣ  |z 2015/02/02